000 01773cam a22004694i 4500
003 PE-LiUPU
005 20250731173116.0
008 190708s1980 mnua rb 000 0 eng d
020 _a0871230232
020 _a9780871230232
035 _a(Sirsi) a252257
040 _aPE-LiUPU
_bspa
_cPE-LiUPU
_erda
049 _aPRUA
082 0 4 _a220.0216
_bM43
_220
100 1 _aMeredith, Joel L.,
_eautor.
245 1 0 _aBook of Bible lists :
_b[Bible facts in list form] /
_cJ.L. Meredith.
264 1 _aMinneapolis, Minn. :
_bBethany House,
_c1980.
300 _a286 páginas :
_bilustraciones;
_c22 centímetros
336 _atext
_2rdacontent
337 _aunmediated
_2rdamedia
338 _avolume
_2rdacarrier
504 _aBibliografía: páginas 285-286.
505 0 _aCommandments -- Promises -- New Testament proverbs and facts -- Supernatural events -- Word power -- Books -- People -- Sex -- Characteristics -- Love -- God's gifts to men -- Sin -- Lies -- Miracle workers and their deeds -- Numbers -- Flora and fauna -- Names -- Bible treasures -- Ships and other floating objects -- Other things.
526 _aSEG42
526 _aSEG41
526 _aSEG40
526 _aSEG39
526 _aP94
526 _aP87
526 _aP86
526 _aP85
526 _aP77
526 _aP76
526 _aP35
630 _aBiblia
_víndices.
910 _adbm
_bjpc
_cjpc
_d20190708
942 _2ddc
_cBOOK
994 _aC0
_bPEPRU
596 _a1
999 _a220.0216 M43
_wDEWEY
_c31490
_i80227
_f2021-11-9
_g3
_lCCODEBUL1
_mBUL
_p11.00
_r0
_sY
_tBOOK
_u2019-7-8
_xTEOLOGIA
_PP35
_0DONACION
_o.STAFF. Colección Teología
_d31490
980 _81
_gALBERTO SANCHEZ Responsable de Automatización